Advances in nuclear chemistry and theoretical organic chemistry /

Další autoři: Burk, R. E. 1901-, Grummitt, Oliver, 1910-1989,
Jazyk: Angličtina
Vydáno: New York : Interscience publishers, 1945
Edice: Frontiers in chemistry (Interscience publishers)
Témata:
Fyzický popis: 165 stran : fotografie, ilustrace, grafy
Knihy
Uloženo v:
LEADER 01308nam a22003732i 4500
001 000281100
003 CZ BrMZK
005 20211214113724.0
007 ta
008 040716s1945 xxua f |||| 0 eng d
035 |a (OCoLC)1831752 
040 |a DLC  |b cze  |c GAT  |d ABD009  |d BOA001  |e rda 
072 7 |a 544  |x Fyzikální chemie  |2 Konspekt  |9 10 
080 |a 544.58  |2 MRF 
245 0 0 |a Advances in nuclear chemistry and theoretical organic chemistry /  |c editors: R. E. Burk, Oliver Grummitt 
264 1 |a New York :  |b Interscience publishers,  |c 1945 
300 |a 165 stran :  |b fotografie, ilustrace, grafy 
336 |a text  |b txt  |2 rdacontent 
337 |a bez média  |b n  |2 rdamedia 
338 |a svazek  |b nc  |2 rdacarrier 
490 1 |a Frontiers in chemistry ;  |v Volume III 
504 |a Obsahuje bibliografii a rejstřík 
650 0 7 |a izotopy  |7 ph121258  |2 czenas 
650 0 4 |a Jaderná fyzika  |x 20. 
650 0 7 |a molekulární dynamika  |7 ph202577  |2 czenas 
650 0 4 |a Organická chemie  |x f 
650 0 7 |a jaderná chemie  |7 ph121264  |2 czenas 
655 7 |a sborníky  |7 fd163935  |2 czenas 
700 1 |a Burk, R. E.  |q (Robert Emmett),  |d 1901-  |4 edt 
700 1 |a Grummitt, Oliver,  |d 1910-1989,  |4 edt 
830 0 |a Frontiers in chemistry (Interscience publishers) 
910 |a BOA001  |b 2-0187.836,3 
990 |a BK 
991 |b 202111